Famous Quotes and who Said Them - Statistics

General Stats
  • This quiz has been taken 27 times
  • The average score is 2 of 7
Answer Stats
Hint Answer % Correct
You may say I'm a dreamer, but I'm not the only one. I hope someday you'll join us. And the world will live as one John Lennon
83%
Your time is limited, so don't waste it living someone else's life. Don't be trapped by dogma – which is living with the results of other people's thinking. Steve Jobs
30%
The way to get started is to quit talking and begin doing Walt Disney
30%
The future belongs to those who believe in the beauty of their dreams. Elanor Roosevelt
17%
The greatest glory in living lies not in never falling, but in rising every time we fall Nelson Mandela
17%
You look at what you have in life, you'll always have more. you look at what you don't have in life, you'll never have enough. Oprah Winfrey
13%
you set your goals ridiculously high and it's a failure, you will fail above everyone else's success James Cameron
0%
No matching quizzes found
Score Distribution
Percent of People with Each Score
Percentile by Number Answered
Your Score History
You have not taken this quiz